| 000 | 00700nam a2200193 a 4500 | ||
|---|---|---|---|
| 001 | 000036507 | ||
| 005 | 20200930075753.0 | ||
| 008 | 120119s2000 sp 000 0 spa d | ||
| 020 | _a844930931X | ||
| 040 |
_aDO-SdBNP _bspa _cBNPHU |
||
| 082 |
_axxx _bA241s |
||
| 100 | 1 |
_aAdorno, Theodor Wiesengrund, _d1903-1969 _962749 |
|
| 245 | 1 | 0 |
_aSobre la música / _cTheodor W. Adorno ; introducción de Gerard Vilar ; traducción Marta Tafalla González y Gerard Vilar Roca. |
| 260 |
_aBarcelona : _bEdiciones Paidós, _c2000. |
||
| 300 |
_a90 p. ; _c20 cm. |
||
| 500 | _aIncluye notas al pie de las páginas. | ||
| 700 | 1 |
_aVilar, Gerard, _dintrod. _962750 |
|
| 700 | 1 |
_aTafalla González, Marta, _dtr. _962751 |
|
| 999 |
_c35998 _d35998 |
||